Estado laico fundamentos e dimense̳s no horizonte democrt̀ico

Detalles Bibliográficos
Autor principal: Lagreca Casamasso, Marco Aurľio
Formato: eBook
Lenguaje:portugués
Publicado: Rio de Janeiro: Editora Processo, 2018
Materias:
Acceso en línea:Acceso restringido

MARC

LEADER 00000nam a22000007a 4500
005 2022080807377.0
007 cr|||| ||||
008 220808s2018 br |||||s|||| 00||0 por d
020 |a 978-85-93741-38-8 
035 |a 36788 
040 |a vLex 
090 |c 13670  |d 13670 
100 1 |a Lagreca Casamasso, Marco Aurľio 
245 1 0 |a Estado laico fundamentos e dimense̳s no horizonte democrt̀ico  |h [Recurso electrn̤ico] /  |c Marco Aurľio Lagreca Casamasso 
256 |a Servicio en ln̕ea 
260 |a Rio de Janeiro:  |b Editora Processo,  |c 2018 
300 |a 1 recurso electrn̤ico 
500 |a Por Estado laico (laico, do grego – laos – povo) entende-se, prima facie, o Estado voltado para todo o povo, qualidade que o obriga a se separar das religie̳s e confisse̳s religiosas, a fim de nô se aliar a um determinado grupo social – coerente com prt̀icas e aė̳s facciosas –, em detrimento de toda a sociedade. Sô inegv̀eis os avanȯs relativos ̉separaȯ̂ entre o Estado e as confisse̳s religiosas ocorridos na sociedade brasileira aps̤ a Proclamaȯ̂ da Repb︢lica. E sô tantos, que um olhar menos atento poderia avaliar a laicidade brasileira como obra acabada. Sob a simples aparn̊cia, contudo, desponta no Brasil uma sociedade portadora de relaė̳s de poder que incitam alianȧs e conflitos em torno dos mais variados interesses, gerando interaė̳s entre o polt̕ico e o religioso que pe̳m em evidn̊cia o problema relativo ao grau de laicidade alcanȧdo. Entendemos que a avaliaȯ̂ do sucesso ou insucesso da laicizaȯ̂ de um Estado nô deva ser reduzida ̉simples aplicaȯ̂ da lg̤ica laico/nô-laico. É preciso, ao contrr̀io, romper com as iluse̳s produzidas pela aplicaȯ̂ inels̀tica desse binm̥io ̉realidade dos Estados, e tratar de avaliar a laicizaȯ̂ a partir de um amplo espectro, cuja gradaȯ̂ registrar ̀o nv̕el de laicidade alcanȧdo pelo poder estatal. 
506 1 |a Disponible solo en los productos indicados  |d vLex Global  |d vLex Global (Academic Edition, excluding Law Schools)  |d vLex Global (U.S. Academic Edition, Law Schools)  |d vLex Global (U.S. Academic Edition, excluding Law Schools)  |d vLex Global (Academic Edition, Law Schools) 
650 0 4 |a Derecho Constitucional  |z Brasil 
740 0 |a vLex Libros (Servicio en ln̕ea) 
856 4 0 |u https://app.vlex.com/#/sources/36788  |z Acceso restringido 
942 |c BOOK 
999 0 |a Constitutional right